Statistiken für Wer weiß mehr?

Klicken Sie hier um das Quiz zu spielen!

Allgemein

  • Dieses Quiz wurde 468 mal gespielt
  • Das Durchschnittsergebnis liegt bei 24 aus 41

Antwortstatistiken

Antwort% Korrekt
Blau
98%
Gelb
98%
Rot
98%
Grün
97%
Niederlande
95%
Nil
95%
Österreich
95%
Polen
95%
Schweiz
94%
Belgien
93%
Frankreich
93%
Luxemburg
93%
Tschechische Republik/Tschechien
93%
Vier längste Flüsse der WeltAmazonas
92%
Neun Nachbarländer DeutschlandsDänemark
92%
Merkel
92%
Fünf Farben der Olympischen RingeSchwarz
91%
Acht bisherige Bundeskanzler Deutschlands (Nachnamen)Adenauer
78%
Kohl
74%
Schröder
71%
Schmidt
62%
Brandt
61%
Fünf letzte Gastgeber der Olympischen SommerspieleTokio
61%
London
54%
Rio de Janeiro
50%
Peking
46%
Erhard
44%
Kiesinger
44%
Athen
30%
North
27%
Jangtsekiang
22%
Stormi
19%
Gelber Fluss
12%
Chicago
9%
Psalm
9%
Penelope
8%
Saint
8%
Zehn Vornamen der Enkelkinder von Kris JennerMason
7%
True
7%
Dream
5%
Reign
5%

Verteilung der Resultate

Perzentil nach korrekt beantworteten Fragen

Anzahl Personen mit jedem Resultat

Ihre Resultats-Entwicklung

Sie haben dieses Quiz noch nicht gespielt